00970nam a22002532a 450000100060000000300080000600500170001400800410003103500190007204000270009104100080011808200300012610000400015624500990019626000380029530000270033349000320036060000510039265100630044383000390050694200120054599900170055795201420057421850BD-RjUL20211209000733.0140305s1969 ilu b 000 0beng d a(BD-RjUL)21915 aDLCcDLCdBD-RjULbeng aeng00a943.0530924bCAH V-3 19691 aCarlyle, Thomas,d1795-1881.96746210aHistory of Friedrich II. of Prussia, called Frederick the Great /cThomas Carlyle.nvolume III a New York : bAms Press, cc1969. aviii, 413 p. ;c21 cm.1 aClassic European historians00aFrederickcKing of Prussia,d1712-1786.967469 0aPrussia (Germany)xHistoryyFrederick II, 1740-1786967123 0aClassic European historians967470 2ddccBK c21850d21850 00102ddc40728NFICaRUCLbRUCLcReadingd1970-11-17eZeitlingerl0o943.0530924 CAH V-3 1969r2014-03-05 00:00:00tC-1w2014-03-05yBK